000
00256nam a2200097Ia 4500
008
240331s9999 xx 000 0 und d
082
_b
ABE
100
_a
Abeysekera, Sunila
245
0
_a
Women's human rights :
_b
questions of equality and difference
942
_c
L
999
_c
2463
_d
2463